[Event "EYCC 2024 - O14"]
[Site "?"]
[Date "2024.08.22"]
[Round "1.1"]
[White "Gkavardinas, Antonios"]
[Black "Roubal, Matyas"]
[Result "1-0"]
[BlackElo "1916"]
[WhiteElo "2222"]
[LiveChessVersion "1.4.8"]

1. e4 {[%clk 1:30:56]} c5 {[%clk 1:30:55]} 2. Nf3 {[%clk 1:31:18]} Nc6
{[%clk 1:31:16]} 3. Bb5 {[%clk 1:31:37]} g6 {[%clk 1:31:41]} 4. Bxc6
{[%clk 1:32:00]} dxc6 {[%clk 1:31:50]} 5. d3 {[%clk 1:32:21]} Bg7
{[%clk 1:32:15]} 6. h3 {[%clk 1:32:42]} Nf6 {[%clk 1:32:28]} 7. O-O
{[%clk 1:32:36]} Nd7 {[%clk 1:32:04]} 8. a4 {[%clk 1:30:36]} a5 {[%clk 1:30:49]}
9. Na3 {[%clk 1:30:18]} e5 {[%clk 1:29:37]} 10. Be3 {[%clk 1:28:53]} b6
{[%clk 1:25:09]} 11. Nc4 {[%clk 1:27:45]} Qc7 {[%clk 1:24:18]} 12. Qd2
{[%clk 1:26:30]} h6 {[%clk 1:23:12]} 13. c3 {[%clk 1:23:21]} Nf8 {[%clk 1:17:46]}
14. b4 {[%clk 1:20:28]} axb4 {[%clk 1:16:23]} 15. cxb4 {[%clk 1:20:20]} Ne6
{[%clk 1:14:22]} 16. a5 {[%clk 1:13:38]} b5 {[%clk 1:06:00]} 17. Nb6
{[%clk 1:13:29]} Ra7 {[%clk 1:06:07]} 18. Rfc1 {[%clk 1:09:48]} Nd4
{[%clk 1:02:23]} 19. Rxc5 {[%clk 0:55:14]} Nb3 {[%clk 0:56:53]} 20. Qc3
{[%clk 0:55:24]} Nxc5 {[%clk 0:56:03]} 21. Qxc5 {[%clk 0:55:09]} Bf8
{[%clk 0:49:13]} 22. Qxe5+ {[%clk 0:52:43]} Qxe5 {[%clk 0:49:19]} 23. Nxe5
{[%clk 0:53:11]} Be6 {[%clk 0:44:23]} 24. Nxc6 {[%clk 0:51:47]} Ra6
{[%clk 0:43:05]} 25. Bd4 {[%clk 0:51:12]} Rh7 {[%clk 0:43:08]} 26. Nb8
{[%clk 0:51:19]} Ra7 {[%clk 0:43:32]} 27. a6 {[%clk 0:50:55]} f5 {[%clk 0:42:23]}
28. Nc6 {[%clk 0:51:00]} 1-0

[Event "EYCC 2024 - O14"]
[Site "?"]
[Date "2024.08.22"]
[Round "1.2"]
[White "Arun, Nitish"]
[Black "Katsanis, Vasileios Dim"]
[Result "0-1"]
[BlackElo "2222"]
[WhiteElo "1915"]
[LiveChessVersion "1.4.8"]

1. d4 {[%clk 1:30:57]} d5 {[%clk 1:30:53]} 2. c4 {[%clk 1:31:23]} e6
{[%clk 1:31:20]} 3. Nc3 {[%clk 1:31:48]} a6 {[%clk 1:31:46]} 4. e3
{[%clk 1:32:11]} Nf6 {[%clk 1:32:05]} 5. Nf3 {[%clk 1:32:36]} Be7
{[%clk 1:32:17]} 6. Be2 {[%clk 1:32:55]} O-O {[%clk 1:32:37]} 7. O-O
{[%clk 1:33:11]} dxc4 {[%clk 1:32:35]} 8. a4 {[%clk 1:33:14]} c5 {[%clk 1:31:58]}
9. Bxc4 {[%clk 1:30:44]} cxd4 {[%clk 1:29:43]} 10. exd4 {[%clk 1:31:03]} Nc6
{[%clk 1:30:03]} 11. d5 {[%clk 1:26:50]} exd5 {[%clk 1:29:29]} 12. Nxd5
{[%clk 1:27:10]} Nxd5 {[%clk 1:29:39]} 13. Bxd5 {[%clk 1:25:22]} Bf5
{[%clk 1:17:47]} 14. Bxc6 {[%clk 1:02:10]} bxc6 {[%clk 1:18:11]} 15. Bf4
{[%clk 0:52:00]} Qb6 {[%clk 1:12:49]} 16. Qc1 {[%clk 0:42:21]} Rfe8
{[%clk 0:53:57]} 17. Be3 {[%clk 0:26:57]} Qb7 {[%clk 0:52:09]} 18. Bd4
{[%clk 0:12:54]} Be4 {[%clk 0:48:52]} 19. Nd2 {[%clk 0:04:33]} Bxg2
{[%clk 0:47:57]} 20. Re1 {[%clk 0:04:19]} Bd5 {[%clk 0:43:12]} 21. Bc3
{[%clk 0:02:53]} Qd7 {[%clk 0:43:05]} 22. Re3 {[%clk 0:02:20]} Bd6
{[%clk 0:43:02]} 23. Nf1 {[%clk 0:01:22]} Qg4+ {[%clk 0:42:37]} 24. Ng3
{[%clk 0:01:42]} Bf4 {[%clk 0:41:56]} 25. Rxe8+ {[%clk 0:01:49]} Rxe8
{[%clk 0:42:20]} 26. Qf1 {[%clk 0:02:07]} Bxg3 {[%clk 0:41:49]} 0-1

[Event "EYCC 2024 - O14"]
[Site "?"]
[Date "2024.08.22"]
[Round "1.3"]
[White "Bonelli Maestracci, Pierre Joseph"]
[Black "Araujo, Ricardo"]
[Result "1/2-1/2"]
[BlackElo "1913"]
[WhiteElo "2203"]
[LiveChessVersion "1.4.8"]

1. e4 {[%clk 1:30:57]} c5 {[%clk 1:30:54]} 2. c3 {[%clk 1:31:20]} Nf6
{[%clk 1:31:18]} 3. e5 {[%clk 1:31:48]} Nd5 {[%clk 1:31:43]} 4. Bc4
{[%clk 1:32:14]} e6 {[%clk 1:32:03]} 5. Nf3 {[%clk 1:31:47]} Nc6 {[%clk 1:32:25]}
6. O-O {[%clk 1:31:32]} Be7 {[%clk 1:31:22]} 7. d4 {[%clk 1:31:21]} cxd4
{[%clk 1:31:31]} 8. cxd4 {[%clk 1:31:46]} d6 {[%clk 1:28:15]} 9. Qe2
{[%clk 1:31:37]} O-O {[%clk 1:28:01]} 10. Nc3 {[%clk 1:31:18]} Nxc3
{[%clk 1:25:35]} 11. bxc3 {[%clk 1:31:47]} dxe5 {[%clk 1:24:53]} 12. dxe5
{[%clk 1:31:59]} Qc7 {[%clk 1:23:44]} 13. Qe4 {[%clk 1:28:05]} b6
{[%clk 0:58:17]} 14. Bd3 {[%clk 1:23:52]} g6 {[%clk 0:56:32]} 15. Bg5
{[%clk 1:22:23]} Bb7 {[%clk 0:45:32]} 16. Bf6 {[%clk 1:21:38]} Rfe8
{[%clk 0:27:40]} 17. Qh4 {[%clk 1:16:13]} Nxe5 {[%clk 0:25:46]} 18. Nxe5
{[%clk 1:16:15]} Qxe5 {[%clk 0:26:08]} 19. Bxe7 {[%clk 1:16:43]} Qd5
{[%clk 0:26:29]} 20. f3 {[%clk 1:13:43]} Qxd3 {[%clk 0:26:45]} 21. Bf6
{[%clk 1:13:34]} Qd6 {[%clk 0:24:48]} 22. Rad1 {[%clk 1:11:22]} Qc5+
{[%clk 0:25:01]} 23. Kh1 {[%clk 1:11:37]} Bc6 {[%clk 0:22:50]} 24. Rfe1
{[%clk 1:07:41]} Rac8 {[%clk 0:20:27]} 25. Re5 {[%clk 1:07:07]} Rcd8
{[%clk 0:17:36]} 26. Rde1 {[%clk 1:01:12]} Rd5 {[%clk 0:17:49]} 27. c4
{[%clk 1:00:16]} Rxe5 {[%clk 0:17:52]} 28. Rxe5 {[%clk 1:00:44]} Rd8
{[%clk 0:15:47]} 29. Qe1 {[%clk 1:00:02]} Qxe5 {[%clk 0:14:36]} 30. Bxe5
{[%clk 0:59:18]} Ba4 {[%clk 0:14:58]} 31. Bb8 {[%clk 0:59:10]} Rd1
{[%clk 0:14:53]} 32. Qxd1 {[%clk 0:59:34]} Bxd1 {[%clk 0:15:18]} 33. Bxa7
{[%clk 0:59:57]} Be2 {[%clk 0:15:42]} 34. Bxb6 {[%clk 1:00:12]} Bxc4
{[%clk 0:16:04]} 35. a4 {[%clk 1:00:35]} Kf8 {[%clk 0:16:12]} 36. Kg1
{[%clk 1:00:59]} Ke7 {[%clk 0:16:37]} 37. Kf2 {[%clk 1:01:21]} Kd6
{[%clk 0:16:54]} 38. Ke3 {[%clk 1:01:35]} e5 {[%clk 0:16:54]} 39. g4
{[%clk 0:57:48]} h5 {[%clk 0:15:36]} 40. g5 {[%clk 0:57:55]} Bb3 {[%clk 0:15:17]}
41. a5 {[%clk 0:57:57]} Kc6 {[%clk 0:15:38]} 42. Bd8 {[%clk 0:56:23]} Kb5
{[%clk 0:15:30]} 43. Ke4 {[%clk 0:56:42]} Be6 {[%clk 0:15:43]} 44. Kxe5
{[%clk 0:57:06]} Ka6 {[%clk 0:16:04]} 45. f4 {[%clk 0:57:12]} Kb5
{[%clk 0:16:19]} 46. Kd6 {[%clk 0:57:14]} Ka6 {[%clk 0:16:35]} 47. Ke7
{[%clk 0:57:30]} Kb5 {[%clk 0:16:56]} 48. Kf6 {[%clk 0:57:59]} Ka6
{[%clk 0:17:16]} 49. h4 {[%clk 0:58:21]} Kb5 {[%clk 0:17:40]} 50. f5
{[%clk 0:58:50]} Bxf5 {[%clk 0:17:58]} 51. Kxf7 {[%clk 0:59:16]} Ka6
{[%clk 0:18:20]} 52. Ke7 {[%clk 0:59:44]} Kb5 {[%clk 0:18:42]} 53. Kd6
{[%clk 1:00:12]} Ka6 {[%clk 0:19:04]} 54. Kc7 {[%clk 1:00:39]} 1/2-1/2

[Event "EYCC 2024 - O14"]
[Site "?"]
[Date "2024.08.22"]
[Round "1.4"]
[White "Karacsonyi, Bank"]
[Black "Nemitz, Alfred"]
[Result "1/2-1/2"]
[BlackElo "2201"]
[WhiteElo "1913"]
[LiveChessVersion "1.4.8"]

1. e4 {[%clk 1:30:57]} e5 {[%clk 1:30:54]} 2. Nf3 {[%clk 1:31:21]} Nc6
{[%clk 1:31:20]} 3. Bb5 {[%clk 1:31:43]} a6 {[%clk 1:31:45]} 4. Ba4
{[%clk 1:32:08]} Nf6 {[%clk 1:32:11]} 5. Nc3 {[%clk 1:32:20]} Bd6
{[%clk 1:26:12]} 6. O-O {[%clk 1:24:01]} O-O {[%clk 1:23:38]} 7. d4
{[%clk 1:18:56]} exd4 {[%clk 1:20:00]} 8. Nxd4 {[%clk 0:57:25]} b5
{[%clk 1:16:36]} 9. Bb3 {[%clk 0:53:44]} b4 {[%clk 1:11:12]} 10. Nd5
{[%clk 0:50:48]} Nxe4 {[%clk 0:58:22]} 11. Nf5 {[%clk 0:47:16]} Ne5
{[%clk 0:58:08]} 12. Qd4 {[%clk 0:45:22]} Ng5 {[%clk 0:52:24]} 13. f4
{[%clk 0:41:44]} Ne6 {[%clk 0:50:17]} 14. Qd1 {[%clk 0:37:57]} Bc5+
{[%clk 0:48:38]} 15. Be3 {[%clk 0:33:14]} Ng6 {[%clk 0:45:40]} 16. Bxc5
{[%clk 0:28:52]} Nxc5 {[%clk 0:45:57]} 17. Qd4 {[%clk 0:22:34]} Ne6
{[%clk 0:46:23]} 18. Qxb4 {[%clk 0:22:25]} d6 {[%clk 0:39:39]} 19. Qc3
{[%clk 0:19:55]} Kh8 {[%clk 0:35:25]} 20. Nb4 {[%clk 0:17:53]} Qf6
{[%clk 0:34:18]} 21. Qxf6 {[%clk 0:15:59]} gxf6 {[%clk 0:34:46]} 22. Nd5
{[%clk 0:14:53]} Bb7 {[%clk 0:23:32]} 23. Nfe3 {[%clk 0:12:59]} Nd4
{[%clk 0:21:32]} 24. f5 {[%clk 0:12:33]} Ne5 {[%clk 0:19:56]} 25. Nxf6
{[%clk 0:10:32]} a5 {[%clk 0:19:03]} 26. c3 {[%clk 0:09:51]} Ne2+
{[%clk 0:17:14]} 27. Kh1 {[%clk 0:09:40]} Nd3 {[%clk 0:15:54]} 28. Bc4
{[%clk 0:08:48]} Ba6 {[%clk 0:14:39]} 29. Bxd3 {[%clk 0:09:13]} Bxd3
{[%clk 0:15:06]} 30. Rad1 {[%clk 0:09:20]} Ba6 {[%clk 0:14:21]} 31. c4
{[%clk 0:09:20]} c5 {[%clk 0:10:56]} 32. Rxd6 {[%clk 0:09:24]} Rfd8
{[%clk 0:10:11]} 33. Rfd1 {[%clk 0:09:37]} Nd4 {[%clk 0:10:39]} 34. Rxd8+
{[%clk 0:08:54]} Rxd8 {[%clk 0:11:08]} 35. b3 {[%clk 0:09:01]} a4
{[%clk 0:11:16]} 36. bxa4 {[%clk 0:07:56]} Kg7 {[%clk 0:11:24]} 37. Ne4
{[%clk 0:07:24]} Re8 {[%clk 0:08:47]} 38. Nxc5 {[%clk 0:07:44]} Rxe3
{[%clk 0:09:16]} 39. Nxa6 {[%clk 0:08:03]} Nxf5 {[%clk 0:09:44]} 40. g4
{[%clk 0:07:02]} Nh4 {[%clk 0:10:08]} 41. c5 {[%clk 0:06:53]} Re2
{[%clk 0:09:58]} 42. Rf1 {[%clk 0:07:01]} Rxa2 {[%clk 0:07:19]} 43. c6
{[%clk 0:07:25]} Rxa4 {[%clk 0:07:47]} 44. c7 {[%clk 0:07:32]} Rc4
{[%clk 0:08:16]} 45. Kg1 {[%clk 0:05:42]} Ng6 {[%clk 0:08:16]} 46. Re1
{[%clk 0:05:30]} Kf8 {[%clk 0:08:37]} 47. Rd1 {[%clk 0:05:24]} Ne7
{[%clk 0:09:00]} 48. Rd8+ {[%clk 0:05:47]} Kg7 {[%clk 0:09:29]} 49. Re8
{[%clk 0:06:02]} Kf6 {[%clk 0:09:54]} 50. Kf2 {[%clk 0:05:36]} h6
{[%clk 0:08:15]} 51. Rh8 {[%clk 0:05:17]} Kg7 {[%clk 0:07:29]} 52. Rd8
{[%clk 0:05:38]} Rc6 {[%clk 0:07:29]} 53. Rd7 {[%clk 0:02:04]} Rxa6
{[%clk 0:07:26]} 54. Rxe7 {[%clk 0:02:29]} Rc6 {[%clk 0:07:53]} 55. Rd7
{[%clk 0:02:53]} Rc1 {[%clk 0:07:13]} 56. Ke3 {[%clk 0:02:58]} Kf6
{[%clk 0:07:33]} 57. Rd6+ {[%clk 0:03:27]} Ke5 {[%clk 0:04:09]} 58. Rxh6
{[%clk 0:03:40]} Rxc7 {[%clk 0:04:12]} 59. Rh5+ {[%clk 0:04:05]} Kf6
{[%clk 0:04:40]} 60. Rf5+ {[%clk 0:04:16]} Kg6 {[%clk 0:05:05]} 61. Kf4
{[%clk 0:03:58]} Rc4+ {[%clk 0:05:21]} 62. Kg3 {[%clk 0:04:22]} Rc3+
{[%clk 0:05:50]} 63. Kh4 {[%clk 0:04:05]} f6 {[%clk 0:05:47]} 64. Ra5
{[%clk 0:04:07]} Rb3 {[%clk 0:06:09]} 65. Ra1 {[%clk 0:04:19]} Rc3
{[%clk 0:06:25]} 66. Rg1 {[%clk 0:04:36]} Ra3 {[%clk 0:06:43]} 67. Rg3
{[%clk 0:04:44]} Rxg3 {[%clk 0:06:48]} 68. Kxg3 {[%clk 0:04:20]} f5
{[%clk 0:07:15]} 1/2-1/2

[Event "EYCC 2024 - O14"]
[Site "?"]
[Date "2024.08.22"]
[Round "1.5"]
[White "Vassis, Michail"]
[Black "Pilchuk, Artem"]
[Result "1-0"]
[BlackElo "1910"]
[WhiteElo "2186"]
[LiveChessVersion "1.4.8"]

1. d4 {[%clk 1:30:58]} Nf6 {[%clk 1:30:19]} 2. Nf3 {[%clk 1:31:04]} g6
{[%clk 1:29:45]} 3. g3 {[%clk 1:31:00]} b6 {[%clk 1:28:40]} 4. Bg2
{[%clk 1:27:59]} Bb7 {[%clk 1:29:01]} 5. O-O {[%clk 1:26:19]} Bg7
{[%clk 1:27:10]} 6. Nbd2 {[%clk 1:20:46]} c5 {[%clk 1:22:08]} 7. dxc5
{[%clk 0:54:45]} bxc5 {[%clk 1:22:28]} 8. e4 {[%clk 0:49:05]} Nc6
{[%clk 1:13:10]} 9. Re1 {[%clk 0:45:22]} d6 {[%clk 1:04:06]} 10. e5
{[%clk 0:43:29]} dxe5 {[%clk 1:04:16]} 11. Nxe5 {[%clk 0:43:25]} Qc7
{[%clk 1:03:17]} 12. Nd3 {[%clk 0:38:37]} Na5 {[%clk 0:58:36]} 13. Bxb7
{[%clk 0:33:33]} Nxb7 {[%clk 0:58:57]} 14. Qf3 {[%clk 0:33:34]} O-O
{[%clk 0:54:38]} 15. Nc4 {[%clk 0:33:16]} Nd6 {[%clk 0:41:58]} 16. Bf4
{[%clk 0:33:12]} Rfd8 {[%clk 0:38:45]} 17. Re2 {[%clk 0:32:16]} Nh5
{[%clk 0:25:58]} 18. Bxd6 {[%clk 0:30:25]} exd6 {[%clk 0:26:12]} 19. Rae1
{[%clk 0:30:51]} Nf6 {[%clk 0:23:29]} 20. Re7 {[%clk 0:30:23]} Qc8
{[%clk 0:23:39]} 21. Nf4 {[%clk 0:29:08]} Bf8 {[%clk 0:18:23]} 22. Nd5
{[%clk 0:29:25]} Qf5 {[%clk 0:16:22]} 23. Qxf5 {[%clk 0:28:35]} gxf5
{[%clk 0:16:46]} 24. Nxf6+ {[%clk 0:28:59]} Kg7 {[%clk 0:17:11]} 25. Ne8+
{[%clk 0:29:12]} Kh6 {[%clk 0:17:11]} 26. R7e2 {[%clk 0:28:29]} d5
{[%clk 0:17:12]} 27. Ne3 {[%clk 0:28:48]} 1-0

[Event "EYCC 2024 - O14"]
[Site "?"]
[Date "2024.08.22"]
[Round "1.6"]
[White "Pausweg, Daniel"]
[Black "Groenewoud, Joel"]
[Result "0-1"]
[BlackElo "2157"]
[WhiteElo "1904"]
[LiveChessVersion "1.4.8"]

1. g3 {[%clk 1:30:58]} Nf6 {[%clk 1:30:48]} 2. Nf3 {[%clk 1:31:17]} g6
{[%clk 1:31:12]} 3. Bg2 {[%clk 1:31:38]} Bg7 {[%clk 1:31:36]} 4. O-O
{[%clk 1:31:59]} O-O {[%clk 1:32:00]} 5. d4 {[%clk 1:32:09]} d6 {[%clk 1:32:17]}
6. c4 {[%clk 1:32:05]} c6 {[%clk 1:32:35]} 7. Nc3 {[%clk 1:32:06]} Bf5
{[%clk 1:32:53]} 8. Re1 {[%clk 1:31:10]} Ne4 {[%clk 1:32:08]} 9. Nh4
{[%clk 1:29:23]} Nxc3 {[%clk 1:32:13]} 10. bxc3 {[%clk 1:29:35]} Be6
{[%clk 1:30:48]} 11. Qd3 {[%clk 1:28:49]} Qa5 {[%clk 1:25:01]} 12. Bd2
{[%clk 1:24:36]} Qa6 {[%clk 1:19:04]} 13. d5 {[%clk 1:22:57]} Bc8
{[%clk 1:15:17]} 14. Red1 {[%clk 1:11:50]} Nd7 {[%clk 1:07:01]} 15. c5
{[%clk 1:07:57]} Nxc5 {[%clk 1:02:40]} 16. Qxa6 {[%clk 1:08:07]} Nxa6
{[%clk 1:02:52]} 17. dxc6 {[%clk 1:07:46]} bxc6 {[%clk 1:02:00]} 18. Bxc6
{[%clk 1:08:01]} Rb8 {[%clk 1:02:05]} 19. Bd5 {[%clk 1:01:47]} Bb7
{[%clk 0:58:40]} 20. Bb3 {[%clk 1:00:14]} Nc5 {[%clk 0:56:24]} 21. Rac1
{[%clk 0:54:58]} Ne4 {[%clk 0:48:35]} 22. Be1 {[%clk 0:52:24]} Rfc8
{[%clk 0:45:22]} 23. c4 {[%clk 0:52:33]} Ba6 {[%clk 0:42:45]} 24. f3
{[%clk 0:48:31]} Nc5 {[%clk 0:42:35]} 25. Rb1 {[%clk 0:48:51]} Nd7
{[%clk 0:36:04]} 26. Rbc1 {[%clk 0:45:10]} Nb6 {[%clk 0:30:08]} 27. Bf2
{[%clk 0:44:28]} Rb7 {[%clk 0:27:44]} 28. c5 {[%clk 0:39:01]} dxc5
{[%clk 0:27:38]} 29. Rxc5 {[%clk 0:38:00]} Rxc5 {[%clk 0:22:06]} 30. Bxc5
{[%clk 0:38:15]} Bxe2 {[%clk 0:22:10]} 31. Re1 {[%clk 0:35:54]} Ba6
{[%clk 0:22:14]} 32. Bxe7 {[%clk 0:35:42]} Bc3 {[%clk 0:21:38]} 33. Re4
{[%clk 0:32:11]} Bd3 {[%clk 0:21:18]} 34. Bd6 {[%clk 0:31:45]} Bxe4
{[%clk 0:21:29]} 35. fxe4 {[%clk 0:32:06]} a5 {[%clk 0:15:08]} 36. e5
{[%clk 0:30:43]} Bb4 {[%clk 0:13:39]} 37. Bxb4 {[%clk 0:30:14]} axb4
{[%clk 0:14:03]} 38. Nf3 {[%clk 0:30:35]} Kg7 {[%clk 0:11:46]} 39. Kf2
{[%clk 0:30:51]} Nd7 {[%clk 0:10:14]} 40. Bd5 {[%clk 0:29:55]} Rc7
{[%clk 0:09:53]} 41. Ke3 {[%clk 0:29:30]} Rc3+ {[%clk 0:08:30]} 42. Ke4
{[%clk 0:29:02]} Nb6 {[%clk 0:04:43]} 43. Bb3 {[%clk 0:29:15]} Nc4
{[%clk 0:04:09]} 44. g4 {[%clk 0:27:42]} f6 {[%clk 0:02:07]} 45. e6
{[%clk 0:24:57]} Re3+ {[%clk 0:01:48]} 46. Kf4 {[%clk 0:25:10]} g5+
{[%clk 0:01:37]} 47. Kg3 {[%clk 0:24:36]} Ne5 {[%clk 0:01:35]} 48. Kg2
{[%clk 0:23:06]} Nxf3 {[%clk 0:01:47]} 49. Kf2 {[%clk 0:23:14]} Rxb3
{[%clk 0:01:49]} 0-1

[Event "EYCC 2024 - O14"]
[Site "?"]
[Date "2024.08.22"]
[Round "1.7"]
[White "Zander, Emil"]
[Black "Ropovik, Samuel"]
[Result "1-0"]
[BlackElo "1896"]
[WhiteElo "2152"]
[LiveChessVersion "1.4.8"]

1. e4 {[%clk 1:30:57]} c5 {[%clk 1:30:59]} 2. Nf3 {[%clk 1:31:18]} d6
{[%clk 1:31:09]} 3. d4 {[%clk 1:31:41]} cxd4 {[%clk 1:31:39]} 4. Nxd4
{[%clk 1:32:01]} Nf6 {[%clk 1:32:04]} 5. Nc3 {[%clk 1:32:26]} Nc6
{[%clk 1:32:25]} 6. Bg5 {[%clk 1:32:25]} e6 {[%clk 1:32:34]} 7. Qd2
{[%clk 1:32:45]} a6 {[%clk 1:32:54]} 8. O-O-O {[%clk 1:33:00]} Bd7
{[%clk 1:33:22]} 9. Kb1 {[%clk 1:33:15]} Be7 {[%clk 1:25:38]} 10. Nxc6
{[%clk 1:32:16]} Bxc6 {[%clk 1:24:28]} 11. f3 {[%clk 1:32:27]} b5
{[%clk 1:16:22]} 12. h4 {[%clk 1:31:52]} h6 {[%clk 1:12:58]} 13. Be3
{[%clk 1:32:14]} h5 {[%clk 1:13:20]} 14. Ne2 {[%clk 1:27:06]} Qc7
{[%clk 1:04:38]} 15. Nd4 {[%clk 1:25:04]} Bd7 {[%clk 1:04:53]} 16. Bg5
{[%clk 1:23:15]} Rb8 {[%clk 1:00:48]} 17. Bd3 {[%clk 1:20:50]} a5
{[%clk 0:53:31]} 18. f4 {[%clk 1:14:53]} b4 {[%clk 0:47:32]} 19. f5
{[%clk 1:12:17]} e5 {[%clk 0:42:02]} 20. Bxf6 {[%clk 1:10:37]} Bxf6
{[%clk 0:41:51]} 21. Nf3 {[%clk 1:07:29]} a4 {[%clk 0:35:14]} 22. Rhe1
{[%clk 0:53:14]} O-O {[%clk 0:33:09]} 23. Ng5 {[%clk 0:50:09]} g6
{[%clk 0:25:36]} 24. Qe2 {[%clk 0:41:57]} Rfc8 {[%clk 0:24:30]} 25. Ba6
{[%clk 0:41:04]} Re8 {[%clk 0:18:08]} 26. Bc4 {[%clk 0:39:19]} Bxg5
{[%clk 0:15:31]} 27. fxg6 {[%clk 0:37:00]} Be6 {[%clk 0:14:59]} 28. gxf7+
{[%clk 0:36:30]} Qxf7 {[%clk 0:14:43]} 29. Bxe6 {[%clk 0:36:47]} Rxe6
{[%clk 0:15:03]} 30. hxg5 {[%clk 0:37:11]} b3 {[%clk 0:10:30]} 31. cxb3
{[%clk 0:37:15]} axb3 {[%clk 0:10:38]} 32. a3 {[%clk 0:37:37]} Rc8
{[%clk 0:08:54]} 33. Rf1 {[%clk 0:36:44]} Rc2 {[%clk 0:07:26]} 34. Qe3
{[%clk 0:36:44]} Qc7 {[%clk 0:07:07]} 35. Qxb3 {[%clk 0:37:06]} 1-0

[Event "EYCC 2024 - O14"]
[Site "?"]
[Date "2024.08.22"]
[Round "1.8"]
[White "Omarsson, Josef"]
[Black "Federer, Colin"]
[Result "1/2-1/2"]
[BlackElo "2151"]
[WhiteElo "1895"]
[LiveChessVersion "1.4.8"]

1. d4 {[%clk 1:30:51]} Nf6 2. c4 {[%clk 1:30:55]} g6 {[%clk 1:31:21]} 3. Nc3
{[%clk 1:30:53]} Bg7 {[%clk 1:31:48]} 4. e4 {[%clk 1:30:52]} d6 {[%clk 1:32:14]}
5. f4 {[%clk 1:30:46]} O-O {[%clk 1:31:59]} 6. Nf3 {[%clk 1:30:50]} Na6
{[%clk 1:31:05]} 7. Bd3 {[%clk 1:30:42]} e5 {[%clk 1:28:12]} 8. fxe5
{[%clk 1:29:48]} dxe5 {[%clk 1:28:36]} 9. d5 {[%clk 1:30:06]} Nc5
{[%clk 1:21:44]} 10. Bc2 {[%clk 1:30:14]} a5 {[%clk 1:21:24]} 11. Be3
{[%clk 1:29:36]} Qe7 {[%clk 1:17:19]} 12. h3 {[%clk 1:14:58]} Nh5
{[%clk 1:10:05]} 13. g4 {[%clk 1:12:09]} Nf4 {[%clk 1:07:15]} 14. Qd2
{[%clk 1:11:44]} Bd7 {[%clk 0:55:43]} 15. O-O-O {[%clk 1:00:42]} Rfd8
{[%clk 0:43:22]} 16. d6 {[%clk 0:45:53]} Qxd6 {[%clk 0:38:26]} 17. Qxd6
{[%clk 0:45:56]} cxd6 {[%clk 0:38:53]} 18. Rxd6 {[%clk 0:46:12]} Nfe6
{[%clk 0:25:22]} 19. Rhd1 {[%clk 0:45:32]} Bf8 {[%clk 0:15:49]} 20. R6d5
{[%clk 0:44:50]} f6 {[%clk 0:12:15]} 21. g5 {[%clk 0:43:45]} Bc6 {[%clk 0:10:52]}
22. Rxd8 {[%clk 0:43:54]} Rxd8 {[%clk 0:11:00]} 23. Rxd8 {[%clk 0:43:45]} Nxd8
{[%clk 0:11:26]} 24. gxf6 {[%clk 0:44:00]} Nf7 {[%clk 0:08:43]} 25. Nd5
{[%clk 0:40:38]} Bxd5 {[%clk 0:07:52]} 26. exd5 {[%clk 0:39:51]} Nd7
{[%clk 0:06:54]} 27. Ng5 {[%clk 0:38:17]} Bh6 {[%clk 0:05:38]} 28. h4
{[%clk 0:37:44]} Nxf6 {[%clk 0:05:18]} 29. Bd2 {[%clk 0:37:28]} b6
{[%clk 0:04:38]} 30. Nxf7 {[%clk 0:35:31]} Bxd2+ {[%clk 0:05:02]} 31. Kxd2
{[%clk 0:35:55]} Kxf7 {[%clk 0:05:28]} 32. a3 {[%clk 0:35:32]} Ke7
{[%clk 0:05:19]} 33. b4 {[%clk 0:35:18]} axb4 {[%clk 0:05:13]} 34. axb4
{[%clk 0:35:38]} Kd6 {[%clk 0:03:05]} 35. Ke3 {[%clk 0:34:31]} b5
{[%clk 0:00:51]} 36. cxb5 {[%clk 0:31:51]} Nxd5+ {[%clk 0:01:16]} 37. Ke4
{[%clk 0:31:39]} Nf6+ {[%clk 0:01:18]} 38. Ke3 {[%clk 0:31:23]} Kc7
{[%clk 0:01:12]} 39. Bb3 {[%clk 0:31:27]} Kb6 {[%clk 0:00:58]} 40. Bc4
{[%clk 0:31:49]} h6 {[%clk 0:00:59]} 41. Be2 {[%clk 0:30:56]} g5 {[%clk 0:00:50]}
42. hxg5 {[%clk 0:31:06]} hxg5 {[%clk 0:01:17]} 43. Kf3 {[%clk 0:31:18]} Kc7
{[%clk 0:01:34]} 44. Ke3 {[%clk 0:31:07]} Kd6 {[%clk 0:01:45]} 45. Bf3
{[%clk 0:30:58]} Nd5+ {[%clk 0:01:19]} 46. Ke4 {[%clk 0:30:59]} Nxb4
{[%clk 0:01:19]} 47. Kf5 {[%clk 0:30:35]} Kc5 {[%clk 0:01:36]} 48. Kxg5
{[%clk 0:30:48]} 1/2-1/2

[Event "EYCC 2024 - O14"]
[Site "?"]
[Date "2024.08.22"]
[Round "1.9"]
[White "Torosyan, Volodya"]
[Black "Vesa, Mikke"]
[Result "1-0"]
[BlackElo "1890"]
[WhiteElo "2148"]
[LiveChessVersion "1.4.8"]

1. e4 {[%clk 1:30:58]} e5 {[%clk 1:30:55]} 2. Nf3 {[%clk 1:31:23]} Nc6
{[%clk 1:31:02]} 3. Bb5 {[%clk 1:31:48]} a6 {[%clk 1:31:17]} 4. Ba4
{[%clk 1:32:14]} Nf6 {[%clk 1:31:12]} 5. O-O {[%clk 1:32:38]} Be7
{[%clk 1:31:31]} 6. Re1 {[%clk 1:32:59]} b5 {[%clk 1:31:47]} 7. Bb3
{[%clk 1:33:24]} O-O {[%clk 1:31:41]} 8. c3 {[%clk 1:33:50]} d6 {[%clk 1:31:40]}
9. h3 {[%clk 1:34:13]} Nb8 {[%clk 1:31:50]} 10. d4 {[%clk 1:34:37]} Nbd7
{[%clk 1:31:57]} 11. Nbd2 Bb7 {[%clk 1:30:02]} 12. Qe2 {[%clk 1:32:00]} c5
{[%clk 1:27:19]} 13. d5 {[%clk 1:31:45]} c4 {[%clk 1:27:05]} 14. Bc2
{[%clk 1:32:09]} Re8 {[%clk 1:26:01]} 15. Nf1 {[%clk 1:31:11]} Bf8
{[%clk 1:25:37]} 16. Ng3 {[%clk 1:31:09]} g6 {[%clk 1:25:12]} 17. Be3
{[%clk 1:30:59]} Bg7 {[%clk 1:23:23]} 18. a4 {[%clk 1:30:57]} Qc7
{[%clk 1:22:04]} 19. Ra3 {[%clk 1:29:28]} Nc5 {[%clk 1:19:55]} 20. Rea1
{[%clk 1:26:45]} Nfd7 {[%clk 1:16:47]} 21. b4 {[%clk 1:18:11]} cxb3
{[%clk 1:15:18]} 22. Bxb3 {[%clk 1:18:02]} f5 {[%clk 1:06:11]} 23. Bxc5
{[%clk 0:45:08]} Nxc5 {[%clk 1:04:45]} 24. axb5 {[%clk 0:42:55]} fxe4
{[%clk 1:01:06]} 25. Nxe4 {[%clk 0:40:46]} axb5 {[%clk 0:54:03]} 26. Rxa8
{[%clk 0:31:37]} Rxa8 {[%clk 0:50:22]} 27. Rxa8+ {[%clk 0:30:35]} Bxa8
{[%clk 0:50:35]} 28. Nfg5 {[%clk 0:24:55]} Nxe4 {[%clk 0:32:43]} 29. Nxe4
{[%clk 0:25:04]} Qd7 {[%clk 0:31:08]} 30. Qa2 {[%clk 0:21:55]} Bb7
{[%clk 0:24:13]} 31. Qa7 {[%clk 0:20:38]} Qc7 {[%clk 0:21:58]} 32. Bd1
{[%clk 0:15:45]} Bf8 {[%clk 0:13:54]} 33. Be2 b4 34. cxb4 {[%clk 0:15:01]} Qc1+
{[%clk 0:12:55]} 35. Bf1 {[%clk 0:15:16]} Qb1 {[%clk 0:12:21]} 36. Nf6+
{[%clk 0:13:15]} Kf7 {[%clk 0:12:40]} 37. Nd7 Bxd5 {[%clk 0:09:14]} 38. Nb6+
{[%clk 0:10:59]} Kf6 {[%clk 0:07:01]} 39. Nxd5+ {[%clk 0:10:40]} Ke6
{[%clk 0:07:19]} 40. Qa8 {[%clk 0:10:19]} Bh6 {[%clk 0:06:55]} 41. Qg8+
{[%clk 0:10:42]} Kf5 {[%clk 0:06:16]} 42. Qf7+ {[%clk 0:11:05]} Kg5
{[%clk 0:06:00]} 43. Qf6+ {[%clk 0:11:24]} 1-0